000 00855nam a2200253 a 4500
001 56342
003 BD-RjUL
005 20211209080401.0
008 161128r19671946nyua b 001 0 eng
035 _a(BD-RjUL)56466
040 _aDLC
_beng
_cDLC
_erda
_dBD-RjUL
041 _aeng
082 0 0 _a621.315
_223
_bBRC 1967
100 _aBrotherton, Manfred
_9167643
245 0 0 _aCapacitors :
_btheory of operation, behavior and safety regulations /
_cManfred Brotherton
260 _aNew York :
_bNostrand,
_c1946[Reprinted 1967]
300 _aix, 127 pages :
_billustrations ;
_c23 cm.
490 0 _aElectrical engineering developments
490 0 _aEnergy science, engineering and technology
504 _aIncludes bibliographical references and index.
650 0 _aCapacitors.
_9167644
700 1 _aMuller, Kristofer N.
_9167645
942 _2ddc
_cBK
999 _c56342
_d56342